000 00935nam a22003497a 4500
001 BR2023002046
003 BR-BrBNA
005 20231107155215.0
008 231107b bl.||||| |||| 00| 0 por d
040 _aBR-BrBNA
_bpor
041 _apor
072 _aL01 ; L10 ; L20
_b5120
090 _a5120 BR2023002046
100 _aPrado, Paulo Sampaio de Almeida
100 _aPrado, Raul Sampaio de Almeida
110 _aFazenda Capoava, Itu, SP (Brasil)
245 _aRaízes mangalarga: a essência da raça
260 _aItu, SP (Brasil)
_c[nd]
300 _a41 p.
500 _aPublished 2004?; 114 illus.; 5 tables
650 _aCAVALO
650 _aRAÇA
650 _aMANGA LARGA
650 _aCRIAÇÃO
650 _aPRODUÇÃO ANIMAL
650 _aGENÉTICA ANIMAL
650 _aECOLOGIA ANIMAL
650 _aCOMPORTAMENTO ANIMAL
650 _aHISTÓRIA
909 _a202311
_bFernando
942 _cBK
999 _c86681
_d86681